[Event "Xtracon Chess Open 2016"]
[Site "Elsinore"]
[Date "2016.07.23"]
[Round "1.34"]
[White "Holm, Kristian Stuvik"]
[Black "Stuhlmann, Alexander"]
[Result "1-0"]
[WhiteElo "2411"]
[BlackElo "1873"]
[PlyCount "81"]
[EventDate "2016.07.23"]

1. d4 e6 2. c4 f5 3. g3 Bb4+ 4. Nd2 Nf6 5. Bg2 O-O 6. Ngf3 d6 7. O-O Bxd2 8.
Qxd2 Nbd7 9. Qc2 Ne4 10. b4 a5 11. b5 Rb8 12. Ne1 Ng5 13. c5 e5 14. cxd6 cxd6
15. dxe5 dxe5 16. Ba3 Rf6 17. Rd1 Qe8 18. Qd2 h6 19. Qxa5 e4 20. Bd6 b6 21. Qa3
Rb7 22. f3 Nc5 23. h4 Nf7 24. Bxc5 bxc5 25. fxe4 fxe4 26. Rxf6 gxf6 27. Qc3
Qxb5 28. Bxe4 Qxe2 29. Bf3 Qxa2 30. Bxb7 Bxb7 31. Qxf6 Qe2 32. Qg6+ Kf8 33. Qd3
Qg4 34. Rd2 Be4 35. Qe3 Kg7 36. Rf2 Qg6 37. Ng2 Qc6 38. Nf4 Kh7 39. Qc3 Bg6 40.
Re2 Qd6 41. Ne6 1-0

[Event "Xtracon Chess Open 2016"]
[Site "Elsinore"]
[Date "2016.07.23"]
[Round "1.66"]
[White "Haugli, Petter"]
[Black "Sather, Lars"]
[Result "1-0"]
[WhiteElo "2257"]
[BlackElo "1799"]
[PlyCount "71"]
[EventDate "2016.07.23"]

1. d4 Nf6 2. c4 e6 3. Nc3 Bb4 4. e3 b6 5. Nge2 Bb7 6. a3 Bxc3+ 7. Nxc3 O-O 8.
f3 d6 9. e4 c6 10. Bd3 Nbd7 11. O-O e5 12. d5 cxd5 13. cxd5 Nc5 14. Be2 Nfd7
15. b4 Na6 16. Be3 f5 17. Rc1 Nc7 18. Bd3 f4 19. Bf2 Rf6 20. Bh4 g5 21. Bxg5
Qf8 22. Bxf6 Nxf6 23. Nb5 Nxb5 24. Bxb5 Bc8 25. Rf2 Qg7 26. Rfc2 Bh3 27. Kh1
Bd7 28. Bxd7 Qxd7 29. Rc7 Qd8 30. Qc2 Ne8 31. Rc8 Rxc8 32. Qxc8 Qe7 33. Qg4+
Kf7 34. Qh5+ Kg7 35. Rc8 Qb7 36. Qxe8 1-0

[Event "Xtracon Chess Open 2016"]
[Site "Elsinore"]
[Date "2016.07.23"]
[Round "1.77"]
[White "Laustsen, Lars"]
[Black "Sorensen, Bernhard W"]
[Result "1-0"]
[WhiteElo "2118"]
[BlackElo "1655"]
[PlyCount "83"]
[EventDate "2016.07.23"]

1. d4 e6 2. c4 f5 3. g3 Nf6 4. Bg2 c6 5. Nf3 d5 6. O-O Bd6 7. b3 Qe7 8. Bb2 O-O
9. Qc1 Nbd7 10. Ne5 Ng4 11. Nxg4 fxg4 12. Nd2 Nf6 13. e4 dxe4 14. Nxe4 Bb4 15.
a3 Ba5 16. Qg5 Bc7 17. d5 Kh8 18. dxc6 bxc6 19. Nxf6 gxf6 20. Bxc6 e5 21. Qe3
Bb6 22. Qe2 Rb8 23. b4 Be6 24. Rad1 Rfd8 25. c5 Bc7 26. Qa6 Rxd1 27. Rxd1 Bd8
28. Be4 Bb3 29. Rd6 Qf7 30. Qd3 Be7 31. Rd7 Re8 32. Rxa7 Bc4 33. Qd7 Be6 34.
Qd1 h5 35. Qc2 Bb3 36. Qd2 Qf8 37. Bg6 Rd8 38. Rd7 Be6 39. Rxd8 Bxd8 40. Be4
Bc7 41. Bd5 Qd8 42. Qh6+ 1-0

Event "Xtracon Chess Open 2016"]
[Site "Elsinore"]
[Date "2016.07.23"]
[Round "1.78"]
[White "Nielsen, Jan Mose"]
[Black "Jacobsen, Per"]
[Result "1-0"]
[WhiteElo "2110"]
[BlackElo "1636"]
[PlyCount "57"]
[EventDate "2016.07.23"]

1. d4 f5 2. c4 Nf6 3. Nc3 e6 4. Bg5 Be7 5. e3 O-O 6. Bd3 c6 7. Nge2 d5 8. Rg1
Ne4 9. Bf4 Nd7 10. f3 Nxc3 11. Nxc3 Bh4+ 12. Bg3 Bxg3+ 13. hxg3 Qg5 14. Kf2 Qe7
15. Rh1 Nf6 16. Qc2 Ne4+ 17. Nxe4 fxe4 18. Be2 Qf6 19. Rh4 Bd7 20. Rah1 h6 21.
Qb3 Rab8 22. cxd5 exd5 23. Rxe4 Be6 24. Rf4 Qe7 25. Rxf8+ Rxf8 26. Qc2 Bf7 27.
Qc5 Re8 28. Qxe7 Rxe7 29. b4 1-0

[Event "Xtracon Chess Open 2016"]
[Site "Elsinore"]
[Date "2016.07.23"]
[Round "1.85"]
[White "Sebastian, Andreas"]
[Black "Rosenkilde, Alexander"]
[Result "0-1"]
[WhiteElo "1754"]
[BlackElo "2211"]
[PlyCount "92"]
[EventDate "2016.07.23"]

1. e4 c5 2. Nc3 Nc6 3. f4 e6 4. Nf3 d5 5. Bb5 Nge7 6. exd5 exd5 7. Qe2 g6 8.
Bxc6+ bxc6 9. O-O Bg7 10. Re1 Bf6 11. d3 O-O 12. Qf2 c4 13. d4 Nf5 14. Ne2 Qb6
15. c3 Nd6 16. Ng3 a5 17. Rb1 a4 18. Ne5 Bh4 19. Qf3 Kg7 20. Re2 h5 21. h3 a3
22. b4 Re8 23. Be3 Bxg3 24. Qxg3 Bf5 25. Rc1 Ra7 26. Ree1 Rae7 27. Bf2 Qc7 28.
Qh4 f6 29. Nf3 Be4 30. Qg3 Nf5 31. Qh2 Bxf3 32. gxf3 Re2 33. Kf1 Qe7 34. Qg1
Qe6 35. Rb1 Nd6 36. Qg3 Nb5 37. Rbc1 Kf7 38. Qh4 Rxe1+ 39. Rxe1 Qf5 40. Rxe8
Kxe8 41. Be1 Kf7 42. Qg3 Qd3+ 43. Kg2 Nxc3 44. Bxc3 Qxc3 45. f5 Qb2+ 46. Qf2 c3
0-1

[Event "Xtracon Chess Open 2016"]
[Site "Elsinore"]
[Date "2016.07.23"]
[Round "1.140"]
[White "Kristensen, Thomas Overgaard"]
[Black "Roder, Peter"]
[Result "0-1"]
[WhiteElo "1568"]
[BlackElo "2056"]
[PlyCount "50"]
[EventDate "2016.07.23"]

1. d4 Nf6 2. c4 e6 3. Nc3 Bb4 4. e3 O-O 5. Bd3 d5 6. Nge2 c5 7. a3 Bxc3+ 8.
bxc3 b6 9. O-O Nc6 10. Qa4 Bd7 11. Qc2 Na5 12. cxd5 exd5 13. Ng3 c4 14. Be2 Qe8
15. f3 Ba4 16. Qb1 Nb3 17. Ra2 Qe6 18. e4 Rac8 19. e5 Nd7 20. Nf5 f6 21. f4
Nxc1 22. Bg4 fxe5 23. fxe5 Nxa2 24. Qxa2 Rce8 25. Qe2 Nxe5 0-1

[Event "Xtracon Chess Open 2016"]
[Site "Elsinore"]
[Date "2016.07.23"]
[Round "1.161"]
[White "Schmitt, Carsten"]
[Black "Jensen, Hans Askov"]
[Result "1-0"]
[WhiteElo "2008"]
[BlackElo "1469"]
[PlyCount "39"]
[EventDate "2016.07.23"]

1. c4 b6 2. Nc3 Bb7 3. e4 e6 4. g3 f5 5. Bg2 Nf6 6. d3 Bb4 7. Nge2 fxe4 8. O-O
d5 9. dxe4 c6 10. exd5 cxd5 11. Qa4+ Nc6 12. cxd5 exd5 13. Bg5 Be7 14. Bxf6
Bxf6 15. Bxd5 Qc7 16. Nf4 O-O-O 17. Nb5 Qe5 18. Bxc6 Rd4 19. Bxb7+ Kxb7 20.
Qxa7+ 1-0

[Event "Xtracon Chess Open 2016"]
[Site "Elsinore"]
[Date "2016.07.23"]
[Round "1.170"]
[White "Svedberg, Hans"]
[Black "Tjora, Alexander"]
[Result "1-0"]
[WhiteElo "1985"]
[BlackElo "1411"]
[PlyCount "31"]
[EventDate "2016.07.23"]

1. e4 c5 2. b3 Nc6 3. Bb2 e6 4. Nf3 d5 5. Bb5 dxe4 6. Ne5 Nge7 7. Qe2 Qb6 8.
Na3 a6 9. Nac4 Qc7 10. Bxc6+ Nxc6 11. Qxe4 Bd7 12. Nxd7 Kxd7 13. O-O-O b5 14.
Ne5+ Nxe5 15. Qxa8 Qa5 16. Qb7+ 1-0

[Event "Xtracon Chess Open 2016"]
[Site "Elsinore"]
[Date "2016.07.23"]
[Round "1.187"]
[White "Schjolin, John"]
[Black "Huse, Sigurd Kjelsbol"]
[Result "0-1"]
[WhiteElo "1201"]
[BlackElo "1963"]
[PlyCount "58"]
[EventDate "2016.07.23"]

1. e4 e5 2. Bc4 Nf6 3. d3 c6 4. c3 d5 5. exd5 cxd5 6. Bb3 Nc6 7. d4 exd4 8.
cxd4 Bb4+ 9. Nc3 O-O 10. f3 Nh5 11. Nge2 Qh4+ 12. g3 Qh3 13. Kf2 Bxc3 14. bxc3
Nf6 15. Bc2 Qd7 16. Bf4 Re8 17. h3 b6 18. Qd3 Nb8 19. a4 Ba6 20. c4 Bxc4 21.
Qc3 Rxe2+ 22. Kg1 Nc6 23. Bd3 Bxd3 24. Qxd3 Rae8 25. Be5 Rb2 26. g4 Nxe5 27.
dxe5 Rxe5 28. Rh2 Rxh2 29. Kxh2 Qc7 0-1

[Event "Xtracon Chess Open 2016"]
[Site "Elsinore"]
[Date "2016.07.23"]
[Round "1.192"]
[White "Rasmussen, Lars"]
[Black "Mansoor, Areeb"]
[Result "1-0"]
[WhiteElo "1956"]
[BlackElo "1020"]
[PlyCount "45"]
[EventDate "2016.07.23"]

1. e4 e5 2. Nf3 Nc6 3. Nc3 Nf6 4. d4 d6 5. Bc4 Bg4 6. Be3 exd4 7. Bxd4 Nxd4 8.
Qxd4 c5 9. Qd3 Be7 10. O-O O-O 11. h3 Bd7 12. Rad1 Qb6 13. Rfe1 Qxb2 14. e5
dxe5 15. Nxe5 Rad8 16. Nxf7 Rxf7 17. Rxe7 Rdf8 18. Ne4 Be8 19. Nd6 Kh8 20.
Nxf7+ Bxf7 21. Rxf7 Kg8 22. Rxf6+ Rf7 23. Qd8# 1-0

[Event "Xtracon Chess Open 2016"]
[Site "Elsinore"]
[Date "2016.07.24"]
[Round "2.37"]
[White "Haria, Ravi"]
[Black "Skjoldager, Mikael"]
[Result "1-0"]
[WhiteElo "2394"]
[BlackElo "2054"]
[PlyCount "049]
[EventDate "2016.07.23"]

1. Nf3 Nf6 2. g3 g6 3. Bg2 Bg7 4. d4 O-O 5. c4 d5 6. O-O c6 7. Nbd2 h6 8. b3
Bf5 9. Bb2 g5 10. Ne5 Qc8 11. Rc1 Bh3 12. cxd5 Bxg2 13. Kxg2 Nxd5 14. e4 Nc7
15. Ndc4 Nd7 16. Qe2 Nxe5 17. dxe5 Qe6 18. f4 gxf4 19. gxf4 f5 20. Ne3 Qg6+ 21.
Kh1 fxe4 22. f5 Qg5 23. Rg1 Qh4 24. Rg4 Qh3 25. Rcg1 1-0

[Event "Xtracon Chess Open 2016"]
[Site "Elsinore"]
[Date "2016.07.24"]
[Round "3.25"]
[White "Zoler, Dan"]
[Black "Ramsdal, Jens Albert"]
[Result "1-0"]
[WhiteElo "2484"]
[BlackElo "2204"]
[PlyCount "95"]
[EventDate "2016.07.23"]

1. d4 Nf6 2. c4 g6 3. Nc3 Bg7 4. g3 O-O 5. Bg2 c5 6. Nf3 cxd4 7. Nxd4 Nc6 8.
O-O Ng4 9. e3 d6 10. h3 Nxd4 11. exd4 Nh6 12. Qd3 Nf5 13. d5 Bd7 14. Bd2 Rc8
15. Rac1 a6 16. Rfe1 b5 17. cxb5 axb5 18. b4 Rc4 19. Nxb5 Bxb5 20. Rxc4 Qa8 21.
Qb3 Bxc4 22. Qxc4 Rc8 23. Qb3 Nd4 24. Qd3 Bf6 25. a3 Qa4 26. Rc1 Ra8 27. Rb1
Rb8 28. Be3 Nb5 29. Rb3 Rc8 30. Bf1 Nc3 31. Qa6 Qxb3 32. Qxc8+ Kg7 33. Qc4 Qd1
34. Qd3 Qxd3 35. Bxd3 Nxd5 36. Bd2 Kf8 37. a4 Ke8 38. a5 Kd7 39. Bc4 e6 40.
Bxd5 exd5 41. b5 h5 42. Kf1 Bd8 43. Ke2 f5 44. Kd3 Bf6 45. Be3 Kc8 46. Bd4 Bg5
47. a6 Bc1 48. Ba7 1-0

[Event "Xtracon Chess Open 2016"]
[Site "Elsinore"]
[Date "2016.07.24"]
[Round "3.26"]
[White "Solberg, Joachim"]
[Black "Ringoir, Tanguy"]
[Result "0-1"]
[WhiteElo "2211"]
[BlackElo "2474"]
[PlyCount "40"]
[EventDate "2016.07.23"]

1. d4 f5 2. e4 fxe4 3. Nc3 Nf6 4. Bg5 g6 5. h4 d5 6. h5 Bf5 7. Bxf6 exf6 8. g4
Be6 9. hxg6 Qd7 10. g5 fxg5 11. Qh5 Bg7 12. gxh7+ Qf7 13. Qxg5 Bxd4 14. O-O-O
Bf6 15. Qh6 Nd7 16. Nge2 Nf8 17. Qd2 Rxh7 18. Rxh7 Nxh7 19. Nxd5 O-O-O 20. c4
Bg5 0-1

[Event "Xtracon Chess Open 2016"]
[Site "Elsinore"]
[Date "2016.07.24"]
[Round "3.27"]
[White "Sipila, Vilka"]
[Black "Walton, Alan J"]
[Result "1/2-1/2"]
[WhiteElo "2458"]
[BlackElo "2201"]
[PlyCount "76"]
[EventDate "2016.07.23"]

1. d4 e6 2. c4 d5 3. Nc3 Nf6 4. cxd5 exd5 5. Bg5 c6 6. e3 Be7 7. Qc2 O-O 8. Bd3
h6 9. Bf4 Re8 10. h3 Bd6 11. Nge2 b6 12. g4 Bxf4 13. Nxf4 Na6 14. a3 Qd6 15.
Qe2 Nc7 16. O-O Ne6 17. Nxe6 Bxe6 18. Rfe1 Bd7 19. Qf3 Re7 20. Qg2 Rae8 21. Ne2
Ne4 22. Nf4 g5 23. Nh5 f5 24. gxf5 Bxf5 25. f3 Nf6 26. Bxf5 Nxh5 27. Kf2 Ng7
28. Bd3 Qf6 29. h4 Nf5 30. hxg5 hxg5 31. Bxf5 Qxf5 32. Rac1 Rxe3 33. Rxe3 Rxe3
34. Rxc6 Rb3 35. Qg4 Qxg4 36. fxg4 Rxb2+ 37. Ke1 Kf7 38. Rc7+ Ke6 1/2-1/2

[Event "Xtracon Chess Open 2016"]
[Site "Elsinore"]
[Date "2016.07.24"]
[Round "3.28"]
[White "Rewitz, Poul"]
[Black "Carlstedt, Jonathan"]
[Result "1/2-1/2"]
[WhiteElo "2202"]
[BlackElo "2457"]
[PlyCount "105"]
[EventDate "2016.07.23"]

1. g3 d5 2. Bg2 Nf6 3. f4 c6 4. Nf3 Bg4 5. O-O Nbd7 6. h3 Bxf3 7. Rxf3 e6 8. g4
Bc5+ 9. d4 Bb6 10. Nc3 c5 11. Be3 cxd4 12. Bxd4 O-O 13. g5 Ne4 14. Nxe4 dxe4
15. Rb3 Qc7 16. e3 f5 17. gxf6 Nxf6 18. c3 Rad8 19. Rb5 Qc6 20. Qb3 Rd6 21. a4
Rf7 22. a5 Bxd4 23. cxd4 Rd5 24. Bf1 Rc7 25. Rb4 Qe8 26. Rxb7 Qg6+ 27. Bg2 Rxb7
28. Qxb7 Qg3 29. Qc8+ Kf7 30. Qc7+ Rd7 31. Qc1 Nd5 32. Qe1 Qxe3+ 33. Qxe3 Nxe3
34. b4 Nxg2 35. Kxg2 Rxd4 36. b5 Kf6 37. Rb1 e5 38. b6 axb6 39. axb6 Rd8 40. b7
Rb8 41. Kg3 g5 42. Rb6+ Kf5 43. fxg5 Kxg5 44. Kf2 h5 45. Kg3 e3 46. h4+ Kf5 47.
Kf3 e4+ 48. Kxe3 Kg4 49. Kxe4 Kxh4 50. Kd5 Kg3 51. Kc6 h4 52. Kc7 Rxb7+ 53.
Rxb7 1/2-1/2

[Event "Xtracon Chess Open 2016"]
[Site "Elsinore"]
[Date "2016.07.24"]
[Round "3.29"]
[White "Tarjan, James E"]
[Black "Rossen, Claus"]
[Result "1-0"]
[WhiteElo "2447"]
[BlackElo "2199"]
[PlyCount "61"]
[EventDate "2016.07.23"]

1. c4 Nf6 2. g3 g6 3. Bg2 Bg7 4. Nc3 O-O 5. e4 c5 6. Nge2 Nc6 7. d3 d6 8. O-O
Rb8 9. h3 a6 10. a4 Ne8 11. Be3 Nc7 12. d4 cxd4 13. Nxd4 Ne6 14. Nde2 Nc5 15.
b3 f5 16. exf5 Bxf5 17. g4 Bd3 18. Rc1 Nb4 19. Bxc5 dxc5 20. Nd5 e6 21. Nxb4
cxb4 22. Qd2 Bxe2 23. Qxe2 Re8 24. c5 Bc3 25. c6 bxc6 26. Bxc6 Re7 27. Qxa6 Qd6
28. Rcd1 Bd4 29. Qc4 Rd8 30. Bg2 Rc7 31. Rxd4 1-0

[Event "Xtracon Chess Open 2016"]
[Site "Elsinore"]
[Date "2016.07.24"]
[Round "3.30"]
[White "Thuesen, Mogens Henrik"]
[Black "Goh, Wei Ming Kevin"]
[Result "0-1"]
[WhiteElo "2200"]
[BlackElo "2435"]
[PlyCount "50"]
[EventDate "2016.07.23"]

1. d4 e6 2. c4 Nf6 3. Nc3 Bb4 4. e3 b6 5. Nge2 c5 6. a3 Ba5 7. Rb1 Qe7 8. Qa4
Nc6 9. g3 Bxc3+ 10. bxc3 Bb7 11. Bg2 O-O 12. O-O Na5 13. Rd1 Bxg2 14. Kxg2 Rac8
15. d5 e5 16. f3 Ne8 17. e4 f5 18. exf5 Rxf5 19. g4 Rf7 20. Ng3 Nd6 21. Re1 Qf6
22. Rf1 Qg6 23. Rb2 Qd3 24. Re2 Naxc4 25. Qd1 Rxf3 0-1

[Event "Xtracon Chess Open 2016"]
[Site "Elsinore"]
[Date "2016.07.24"]
[Round "3.31"]
[White "Andersen, Morten"]
[Black "Christiansen, Johan Sebastian"]
[Result "0-1"]
[WhiteElo "2173"]
[BlackElo "2411"]
[PlyCount "80"]
[EventDate "2016.07.23"]

1. c4 e5 2. g3 Nc6 3. Bg2 Bc5 4. Nc3 d6 5. a3 a6 6. b4 Ba7 7. d3 Nf6 8. Nf3 O-O
9. O-O Re8 10. Bg5 h6 11. Bh4 Nd4 12. Ne4 Nxf3+ 13. Bxf3 g5 14. Nxg5 hxg5 15.
Bxg5 Kg7 16. Qd2 Rg8 17. h4 Qd7 18. Rac1 Qh3 19. Bg2 Qxg3 20. c5 Qg4 21. f4 Nh7
22. fxe5 Nxg5 23. Qxg5+ Qxg5 24. hxg5 Kf8 25. Bd5 Rxg5+ 26. Kh2 Bf5 27. Rc4 Kg7
28. Rh4 dxc5 29. Bxb7 Re8 30. Bxa6 Rxe5 31. e4 Be6 32. Bc4 cxb4 33. axb4 Bd4
34. Rf3 Bc3 35. Bxe6 Rxe6 36. Rf5 Rxf5 37. exf5 Re3 38. Rc4 Rxd3 39. Kg2 Be5
40. b5 Kf6 0-1

[Event "Xtracon Chess Open 2016"]
[Site "Elsinore"]
[Date "2016.07.24"]
[Round "3.32"]
[White "Holm, Kristian Stuvik"]
[Black "Hartung Nielsen, Jens"]
[Result "1-0"]
[WhiteElo "2411"]
[BlackElo "2194"]
[PlyCount "65"]
[EventDate "2016.07.23"]

1. d4 d5 2. c4 e6 3. Nc3 Bb4 4. Qa4+ Nc6 5. e3 Nf6 6. Nf3 O-O 7. Bd2 dxc4 8.
Bxc4 a6 9. Qc2 Bd6 10. a3 e5 11. dxe5 Nxe5 12. Nxe5 Bxe5 13. Bd3 c5 14. f4 Bc7
15. e4 b5 16. e5 c4 17. Be2 Ng4 18. Bf3 Rb8 19. Ne4 Bf5 20. O-O-O Nf2 21. Bb4
Nd3+ 22. Kb1 Nxb4 23. axb4 Qe7 24. g4 Bxe4 25. Bxe4 h6 26. g5 hxg5 27. Rdg1 Rb6
28. Rxg5 Rh6 29. Rhg1 f6 30. Rg6 Rxg6 31. Bd5+ Rf7 32. Qxg6 Kf8 33. e6 1-0

[Event "Xtracon Chess Open 2016"]
[Site "Elsinore"]
[Date "2016.07.24"]
[Round "3.33"]
[White "Christiansen, Jens Jorgen"]
[Black "Kristiansen, Jens"]
[Result "1/2-1/2"]
[WhiteElo "2170"]
[BlackElo "2410"]
[PlyCount "72"]
[EventDate "2016.07.23"]

1. d4 Nf6 2. Nf3 g6 3. g3 Bg7 4. Bg2 O-O 5. O-O d6 6. Re1 Nc6 7. e4 Bg4 8. h3
Bxf3 9. Bxf3 Nd7 10. Be3 e5 11. c3 Nb6 12. Na3 exd4 13. cxd4 Qf6 14. Nb5 Rac8
15. e5 dxe5 16. Bxc6 bxc6 17. dxe5 Qxe5 18. Nxa7 Rcd8 19. Qf3 Qd5 20. Qxd5 cxd5
21. Bc5 Rfe8 22. Nc6 Ra8 23. Ne7+ Kh8 24. Bxb6 cxb6 25. Rad1 Bxb2 26. Rxd5 Bf6
27. Rd7 Kg7 28. Kf1 Rxa2 29. Nf5+ Kf8 30. Rxf7+ Kxf7 31. Nd6+ Kf8 32. Rxe8+ Kg7
33. Re2 Ra1+ 34. Kg2 Bd4 35. Rd2 Bc5 36. Ne4 Ra7 1/2-1/2

[Event "Xtracon Chess Open 2016"]
[Site "Elsinore"]
[Date "2016.07.24"]
[Round "3.34"]
[White "Zude, Erik"]
[Black "Goldie, Thomas"]
[Result "1-0"]
[WhiteElo "2403"]
[BlackElo "2171"]
[PlyCount "61"]
[EventDate "2016.07.23"]

1. c4 c5 2. Nc3 Nc6 3. Nf3 e6 4. g3 Nf6 5. Bg2 a6 6. O-O Be7 7. d4 cxd4 8. Nxd4
Qb6 9. Nb3 Ne5 10. c5 Qc7 11. Bf4 Nh5 12. Bxe5 Qxe5 13. e4 g6 14. Rc1 Rb8 15.
Na4 f6 16. Nb6 Qc7 17. Qd2 O-O 18. Rfd1 Rd8 19. Qe3 Kf7 20. Na5 g5 21. b4 Ng7
22. Nac4 Ne8 23. Nd6+ Kg7 24. e5 f5 25. Nd5 exd5 26. Nxf5+ Kf8 27. Nxe7 Kxe7
28. Qxg5+ Kf8 29. Bxd5 Ng7 30. Qf6+ Ke8 31. Qf7# 1-0

[Event "Xtracon Chess Open 2016"]
[Site "Elsinore"]
[Date "2016.07.24"]
[Round "3.35"]
[White "Larsen, Ulrik"]
[Black "Haria, Ravi"]
[Result "0-1"]
[WhiteElo "1983"]
[BlackElo "2394"]
[PlyCount "62"]
[EventDate "2016.07.23"]

1. e4 e6 2. d4 d5 3. Nc3 Bb4 4. e5 b6 5. Nf3 Qd7 6. h4 Ba6 7. Bxa6 Nxa6 8. Qd3
Nb8 9. Be3 h5 10. O-O-O Ne7 11. Ne2 Nf5 12. Ng3 Nc6 13. Nxf5 exf5 14. Bg5 O-O
15. Rh3 Rfe8 16. Rg3 Bf8 17. Ng1 Nb4 18. Qb3 c5 19. a3 Nc6 20. dxc5 bxc5 21.
Rxd5 Qe6 22. Ne2 Rab8 23. Qf3 Nxe5 24. Rxe5 Qxe5 25. Nc3 Qe1+ 26. Nd1 g6 27.
Bd2 Qe2 28. Qxf5 Rbd8 29. Qg5 Rd7 30. Nc3 Qf1+ 31. Nd1 Red8 0-1

[Event "Xtracon Chess Open 2016"]
[Site "Elsinore"]
[Date "2016.07.24"]
[Round "3.36"]
[White "Hoi, Carsten"]
[Black "Hinrichs, Lars"]
[Result "1-0"]
[WhiteElo "2386"]
[BlackElo "2157"]
[PlyCount "89"]
[EventDate "2016.07.23"]

1. Nf3 Nf6 2. c4 e6 3. d4 Bb4+ 4. Nc3 c5 5. e3 O-O 6. Bd3 d5 7. O-O Nc6 8. a3
Bxc3 9. bxc3 dxc4 10. Bxc4 Qc7 11. Bb5 a6 12. Be2 e5 13. h3 Bf5 14. d5 Rfd8 15.
c4 e4 16. Nh4 Bc8 17. Qe1 Ne5 18. Bb2 Qe7 19. a4 Rd6 20. f3 exf3 21. Nxf3 Nxf3+
22. Bxf3 Ne4 23. Bh5 Nf6 24. Bxf6 Rxf6 25. Rxf6 Qxf6 26. Qf1 Bf5 27. Bg4 Be4
28. Qxf6 gxf6 29. Kf2 Rb8 30. Bf3 Bd3 31. a5 b5 32. axb6 Rxb6 33. Rd1 Bf5 34.
e4 Bd7 35. Ra1 Rb4 36. Rxa6 Rxc4 37. Rxf6 Rd4 38. Ke3 Kg7 39. Rd6 Bb5 40. Rb6
Bd7 41. Rb7 Ba4 42. e5 Kf8 43. Rc7 Rc4 44. d6 Rc3+ 45. Ke4 1-0

[Event "Xtracon Chess Open 2016"]
[Site "Elsinore"]
[Date "2016.07.24"]
[Round "3.38"]
[White "Colpe, Malte"]
[Black "Krokay, Urszula"]
[Result "1-0"]
[WhiteElo "2385"]
[BlackElo "2003"]
[PlyCount "91"]
[EventDate "2016.07.23"]

1. d4 Nf6 2. c4 e6 3. Nf3 b6 4. g3 Ba6 5. b3 Bb7 6. Bg2 Bb4+ 7. Bd2 c5 8. O-O
O-O 9. Bxb4 cxb4 10. a3 Na6 11. axb4 Nxb4 12. Nc3 d6 13. Qb1 Qe7 14. e4 e5 15.
Nd5 Nfxd5 16. exd5 e4 17. Ne1 f5 18. Nc2 Nd3 19. Ne1 Nb4 20. Qc1 b5 21. Ra5
bxc4 22. Qxc4 Nd3 23. Nxd3 exd3 24. Qxd3 g6 25. Qd2 Rfe8 26. Rc1 Rac8 27. Rxc8
Bxc8 28. Bf1 Qg7 29. Ra1 g5 30. Re1 Re7 31. Qa5 Rxe1 32. Qxe1 Qf7 33. Qc1 Bb7
34. Qxg5+ Kf8 35. Qd8+ Kg7 36. Qg5+ Kh8 37. Qd8+ Kg7 38. Qxd6 Bxd5 39. b4 Be4
40. Qe5+ Kg6 41. Qd6+ Kg7 42. Bg2 Bxg2 43. Kxg2 Qb7+ 44. d5 f4 45. gxf4 Qc8 46.
Qe5+ 1-0

[Event "Xtracon Chess Open 2016"]
[Site "Elsinore"]
[Date "2016.07.24"]
[Round "3.39"]
[White "Jensson, Einar Hjalti"]
[Black "Thomsen, Kim R"]
[Result "1-0"]
[WhiteElo "2371"]
[BlackElo "1966"]
[PlyCount "81"]
[EventDate "2016.07.23"]

1. e4 c5 2. Nf3 Nc6 3. d4 cxd4 4. Nxd4 Nf6 5. Nc3 e5 6. Ndb5 d6 7. Bg5 a6 8.
Na3 b5 9. Bxf6 gxf6 10. Nd5 Bg7 11. c4 f5 12. cxb5 Nd4 13. exf5 Bxf5 14. bxa6
Qa5+ 15. Nc3 O-O 16. Qa4 Qc5 17. Bc4 Be6 18. O-O d5 19. b4 Qd6 20. Nab5 Qb6 21.
Nxd4 Qxd4 22. Bxd5 Bxd5 23. Rac1 Bc4 24. Rfd1 Bd3 25. Qb3 e4 26. b5 Bh6 27. Rb1
Rfc8 28. Nxe4 Qxe4 29. Rxd3 Re8 30. Qd1 Bf4 31. Rd4 Qf5 32. Rd5 Qe6 33. g3 Be5
34. Qd2 Qf6 35. Rd1 Bc3 36. Qd3 Re6 37. Rd8+ Re8 38. Rxa8 Rxa8 39. b6 Ba5 40.
b7 Rd8 41. Qxd8+ 1-0

[Event "Xtracon Chess Open 2016"]
[Site "Elsinore"]
[Date "2016.07.24"]
[Round "3.40"]
[White "Rolvag, Birk Anders"]
[Black "Delorme, Axel"]
[Result "0-1"]
[WhiteElo "1959"]
[BlackElo "2514"]
[PlyCount "68"]
[EventDate "2016.07.23"]

1. e4 e5 2. Bc4 Nf6 3. d3 c6 4. Bb3 d5 5. Qe2 Bd6 6. Nf3 O-O 7. Nbd2 Nbd7 8. c3
b6 9. O-O Ba6 10. c4 Re8 11. Rd1 Nc5 12. Bc2 Ne6 13. Nf1 Qc7 14. b3 b5 15. Bb2
bxc4 16. bxc4 Rab8 17. Bb3 d4 18. Ng3 Nd7 19. Rdb1 Bb4 20. Qc2 Ndc5 21. Ne2 Rb7
22. Bc1 f6 23. Bd2 Reb8 24. Bxb4 Rxb4 25. Nd2 Bc8 26. a3 R4b6 27. Nc1 Bd7 28.
Ba2 Ra6 29. Rxb8+ Qxb8 30. Nb1 Rb6 31. Nd2 Rb2 32. Qd1 Nf4 33. Ndb3 Na4 34. g3
Nc3 0-1

[Event "Xtracon Chess Open 2016"]
[Site "Elsinore"]
[Date "2016.07.24"]
[Round "3.41"]
[White "Ochsner, Bjorn Moller"]
[Black "Vestby Ellingsen, Mads"]
[Result "1-0"]
[WhiteElo "2417"]
[BlackElo "2126"]
[PlyCount "59"]
[EventDate "2016.07.23"]

1. e4 e5 2. Nf3 Nc6 3. Bb5 a6 4. Ba4 Nf6 5. O-O Be7 6. d3 b5 7. Bb3 d6 8. a3
O-O 9. Nc3 Bb7 10. Re1 Na5 11. Ba2 c5 12. b4 cxb4 13. axb4 Nc6 14. Nd5 Nxd5 15.
Bxd5 Kh8 16. Qd2 f5 17. exf5 Rxf5 18. d4 Qd7 19. Be4 Rff8 20. dxe5 Qc7 21. exd6
Bxd6 22. Bb2 Bf4 23. Qc3 Rac8 24. Qc5 Nb8 25. Bxb7 Qxb7 26. Re7 Rxc5 27. Bxg7+
Kg8 28. Rxb7 Rxc2 29. Bxf8 Kxf8 30. Nd4 1-0

[Event "Xtracon Chess Open 2016"]
[Site "Elsinore"]
[Date "2016.07.24"]
[Round "3.42"]
[White "Skjoldager, Per"]
[Black "Risting, Eivind Olav"]
[Result "1/2-1/2"]
[WhiteElo "2160"]
[BlackElo "2376"]
[PlyCount "61"]
[EventDate "2016.07.23"]

1. e4 e6 2. d4 d5 3. Nc3 Nf6 4. exd5 exd5 5. Nf3 c6 6. Bd3 Be7 7. O-O O-O 8. h3
Nbd7 9. Bf4 Re8 10. Re1 Nf8 11. Ne5 Ne6 12. Ne2 Nxf4 13. Nxf4 Bd6 14. Re3 Qc7
15. Nh5 Ne4 16. Bxe4 dxe4 17. Rg3 Bxe5 18. dxe5 Rxe5 19. Nxg7 Kh8 20. Qd4 c5
21. Qc3 f6 22. Nh5 Qd6 23. Nf4 Bf5 24. Re1 Rd8 25. Rge3 Rde8 26. Qb3 b6 27. c3
R5e7 28. Ne2 Bg6 29. g3 Bf7 30. Rd1 Qc6 31. Qc2 1/2-1/2

[Event "Xtracon Chess Open 2016"]
[Site "Elsinore"]
[Date "2016.07.24"]
[Round "3.43"]
[White "Haug, Johannes"]
[Black "Chittka, Julius"]
[Result "1/2-1/2"]
[WhiteElo "2318"]
[BlackElo "2109"]
[PlyCount "73"]
[EventDate "2016.07.23"]

1. e4 c5 2. Nf3 Nc6 3. Bb5 Qb6 4. Nc3 e6 5. Bxc6 Qxc6 6. d4 cxd4 7. Nxd4 Qc7 8.
O-O a6 9. Re1 b5 10. Qf3 d6 11. Bg5 Be7 12. Qg3 Nf6 13. Bxf6 Bxf6 14. Ndxb5
axb5 15. Nxb5 Qa5 16. Nxd6+ Kf8 17. e5 Be7 18. Rad1 Bd7 19. b4 Qa4 20. Qf4 Be8
21. c3 g5 22. Qg3 Qxa2 23. b5 Qa7 24. c4 Qc5 25. Qc3 Ra4 26. Rb1 Kg7 27. Red1
Ra2 28. Ne4 Qa7 29. c5 Qa4 30. Nd6 Rc2 31. Qe3 h6 32. c6 Bxc6 33. bxc6 Qxc6 34.
Qa7 Qc5 35. Qxc5 Rxc5 36. Rb7 Bxd6 37. exd6 1/2-1/2

[Event "Xtracon Chess Open 2016"]
[Site "Elsinore"]
[Date "2016.07.24"]
[Round "3.44"]
[White "Fossan, Petter"]
[Black "Brondum, Eric"]
[Result "1/2-1/2"]
[WhiteElo "2303"]
[BlackElo "2068"]
[PlyCount "122"]
[EventDate "2016.07.23"]

1. e4 c5 2. Nf3 d6 3. c3 Nf6 4. Be2 g6 5. O-O Bg7 6. Re1 O-O 7. Bf1 Nc6 8. h3
e5 9. d3 Re8 10. Nbd2 h6 11. g3 Rb8 12. a4 a6 13. Bg2 b5 14. Qc2 Bd7 15. axb5
axb5 16. Nf1 Qb6 17. Ne3 Ra8 18. Bd2 Qb7 19. Kh2 Rec8 20. Reb1 Be6 21. Qd1 Qd7
22. Rxa8 Rxa8 23. Ra1 Ra7 24. Ne1 b4 25. Nd5 Bxd5 26. exd5 Ne7 27. cxb4 Nexd5
28. Rxa7 Qxa7 29. b5 Nb6 30. Bc6 Nfd5 31. Qb3 Ne7 32. Bg2 d5 33. Be3 d4 34. Bd2
Nec8 35. Nc2 Qa4 36. Qxa4 Nxa4 37. Ba5 Nxb2 38. b6 Nxb6 39. Bxb6 Nxd3 40. Na3
Nxf2 41. Bxc5 Bf8 42. Bxf8 Kxf8 43. Nc4 f6 44. Kg1 Nd1 45. Kf1 Ke7 46. Be4 f5
47. Bc2 Ne3+ 48. Nxe3 dxe3 49. Ke2 Kf6 50. Kxe3 h5 51. Bd1 g5 52. Bxh5 f4+ 53.
gxf4 exf4+ 54. Ke4 Kg7 55. Bf3 Kf6 56. Kd5 Kg7 57. Ke6 Kg6 58. Be4+ Kh5 59. Kf5
Kh4 60. Bg2 Kg3 61. Bf1 Kh4 1/2-1/2